| 000 | 00381nam a2200145Ia 4500 | ||
|---|---|---|---|
| 001 | 3091 | ||
| 008 | 241024s9999 xx 000 0 und d | ||
| 020 | _a978-9945-8856-8-2 | ||
| 082 | _aRD/507.04/R426f/6 | ||
| 100 | _aRepública Dominicana. Ministerio de Educación (MINERD) | ||
| 245 | 0 | _aLos | |
| 260 |
_bSanto Domingo _c2013 |
||
| 901 | _a25/7/2013 12:44:45 p.m. | ||
| 999 |
_c8217 _d8217 |
||